000 00973cam a2200313 a 4500
001 39687
005 20230410101710.0
008 891205s1988 ht af b 000 0 fre
010 _a 89213479
035 _a(OCoLC)ocm21336576
040 _aDLC
_cDLC
019 _a21913240
035 _a(OCoLC)21336576
_z(OCoLC)21913240
043 _anwht---
050 1 4 _a110 ML 3465
_bF763m 1988
082 0 0 _a793.3/3
100 1 _aFouchard, Jean,
_d1912-
245 1 3 _aLa méringue :
_bdanse nationale d'Haiti /
_cJean Fouchard.
260 _aPort-au-Prince, Haiti :
_bH. Deschamps,
_c1988.
300 _a147 p., [4] p. of plates :
_bill. ;
_c22 cm.
490 1 _aRegards sur le temps passe ;
_v7
504 _aIncludes bibliographical references.
650 0 _aMerengue (Dance)
_xHistory.
650 4 _aCEH
650 4 _aColección Estudios Haitianos
800 1 _aFouchard, Jean,
_d1912-
_tRegards sur le temps passe ;
_v7.
942 _2lcc
_cbk
994 _aC0
_bDRFGD
999 _c12305
_d12305